Ukraine Eurovision Entries - Statistics

General Stats
  • This quiz has been taken 20 times
    4 since last reset
  • The average score is 12 of 19
Answer Stats
Year Song Answer % Correct
2008 "Shady Lady" Ani Lorak
100%
2022 "Stefania" Kalush Orchestra
100%
2004 "Wild Dances" Ruslana
100%
2010 "Sweet People" Alyosha
75%
2021 "Shum" Go_A
75%
2023 "Heart of Steel" Tvorchi
75%
2007 "Dancing Lasha Tumbai" Verka Serduchka
75%
2024 "Teresa & Maria" Alyona Alyona & Jerry Heil
50%
2012 "Be My Guest" Gaitana
50%
2005 "Razom nas bahato" GreenJolly
50%
2016 "1944" Jamala
50%
2014 "Tick-Tock" Mariya Yaremchuk
50%
2018 "Under the Ladder" Mélovin
50%
2011 "Angel" Mika Newton
50%
2003 "Hasta la vista" Oleksandr Ponomariov
50%
2017 "Time" O.Torvald
50%
2009 "Be My Valentine! (Anti-Crisis Girl)" Svetlana Loboda
50%
2006 "Show Me Your Love" Tina Karol
50%
2013 "Gravity" Zlata Ognevich
50%
No matching quizzes found
Score Distribution
Percent of People with Each Score
Percentile by Number Answered
Your Score History
You have not taken this quiz since the last reset